| 000 | 00906cab a2200253 4500 | ||
|---|---|---|---|
| 001 | ABS54708 | ||
| 008 | 090401t1996 xxu||||| |||| 00| 0 eng d | ||
| 035 | _a(Sirsi) u11900 | ||
| 041 | _aeng | ||
| 100 | _aCalpin, D. | ||
| 245 | 4 | _aThe good, the bad, the awful | |
| 260 | _c1996 | ||
| 350 | _a0 | ||
| 490 |
_aMunicipal Journal _v(12) 22 March 1996, 14-19(6) |
||
| 520 | _aExamines the Audit Commission`s latest performance indicators for local authority services; the introduction of performance review by Walsall MDC`s sports division and Halton DC. Concludes with comments on the usefulness of the figures. (For tables of results see Z9913 and Z9914). | ||
| 650 | _aAUDIT COMMISSION | ||
| 650 | _aCITIZENS CHARTER | ||
| 650 | _aLOCAL AUTHORITIES | ||
| 650 | _aPERFORMANCE INDICATORS | ||
| 650 | _aPERFORMANCE REVIEW | ||
| 690 | _aECONOMIC AND SOCIAL | ||
| 942 | _n0 | ||
| 948 | _c04/03/1997 | ||
| 999 |
_c7606 _d7606 |
||